GETS Theological Seminary Library

从罪过之辩到克罪改过之道: (Record no. 562)

MARC details
000 -LEADER
fixed length control field 02094nam a2200253Ia 4500
003 - CONTROL NUMBER IDENTIFIER
control field OSt
005 - DATE AND TIME OF LATEST TRANSACTION
control field 20241023143757.0
008 - FIXED-LENGTH DATA ELEMENTS--GENERAL INFORMATION
fixed length control field 200731s9999 xx 000 0 und d
020 ## - INTERNATIONAL STANDARD BOOK NUMBER
International Standard Book Number 7516115320
020 ## - INTERNATIONAL STANDARD BOOK NUMBER
International Standard Book Number 9787516115329  
040 ## - CATALOGING SOURCE
Transcribing agency 0
041 ## - LANGUAGE CODE
Language code of text/sound track or separate title chi
050 ## - LIBRARY OF CONGRESS CALL NUMBER
Classification number BT715
Item number .H36 2012 
100 ## - MAIN ENTRY--PERSONAL NAME
Personal name 韩思艺
245 ## - TITLE STATEMENT
Title 从罪过之辩到克罪改过之道:
Remainder of title 以《七克》与《人谱》为中心 /
Statement of responsibility, etc. 韩思艺
246 ## - VARYING FORM OF TITLE
Title proper/short title 從罪過之辯到克罪改過之道 :
Remainder of title 以《七克》與《人譜》為中心/
260 ## - PUBLICATION, DISTRIBUTION, ETC.
Place of publication, distribution, etc. 北京:
Name of publisher, distributor, etc. 中国社会科学出版社,
Date of publication, distribution, etc. 2012
300 ## - PHYSICAL DESCRIPTION
Extent 4, 3, 2, 3, 313 p.
Other physical details ;
Dimensions 24 cm.
505 ## - FORMATTED CONTENTS NOTE
Formatted contents note 韩思艺编著的《从罪过之辩到克罪改过之道——以<七克>与<人谱>为中心》以《七克》与《人谱》为中心,对明清之际耶儒对话中关于“罪”与“过”以及克罪灵修与改过工夫的问题作了比较研究。本文从四个方面展开论述,首先,简单介绍了明清之际耶儒对话的基本情况和宗教文化背景。其次,在基督宗教的信仰传统中论述了《七克》中“七宗罪”思想以及克罪灵修的历史发展。再次,在儒家的文化传统中论述了《人谱》的过恶思想和改过工夫的发展线索。最后,在阐明《七克》与《人谱》各自的信仰文化和神哲学传统的基础上,分析研究耶儒双方在罪过思想和克罪改过修养上的差异,同时也在《七克》与《人谱》以及其各自所代表的传统中,寻找相似之处,以及可以相互理解、相互会通之处,得出如下的结论:虽然由于不同的信仰文化传统,“罪”与“过”以及“克罪灵修”与“改过工夫”之间存在着关键性的不同,但是也有许多的共同点,可以在会通中互相理解,甚至在互相启发、彼此借鉴中,通过相互学习来丰富发展各自的罪过理论和克罪改过的修养传统。
650 ## - SUBJECT ADDED ENTRY--TOPICAL TERM
Topical term or geographic name entry element Christianity Essence, genius, nature.
650 ## - SUBJECT ADDED ENTRY--TOPICAL TERM
Topical term or geographic name entry element Conduct of life. 
650 ## - SUBJECT ADDED ENTRY--TOPICAL TERM
Topical term or geographic name entry element Philosophy, Confucian History.
942 ## - ADDED ENTRY ELEMENTS (KOHA)
Source of classification or shelving scheme
Koha item type Chinese Book
Holdings
Withdrawn status Lost status Damaged status Not for loan Home library Current library Shelving location Date acquired Total Checkouts Full call number Barcode Date last seen Price effective from Koha item type
        GETS Theological Seminary Library GETS Theological Seminary Library General Stacks 07/12/2020   BT715 .H36 2012  00000515 07/12/2020 07/12/2020 Chinese Book
OpacCredits

Contact the Librarian, GETS Library
Email: library@mygets.org









Implemented by GETS Library
(Powered by ETCA Professional Group)
GETS Theological Seminary
412 E. Rowland Street, CA 91723